Konštrukčný návrh polohovacieho zariadenia pre proces obrábania
Enregistré dans:
| Auteur principal: | |
|---|---|
| Autres auteurs: | |
| Format: | Manuscrit Livre |
| Langue: | slovaque |
| Publié: |
2022
|
| Sujets: | |
| Accès en ligne: | http://is.stuba.sk/zp/portal_zp.pl?podrobnosti=165597 |
| Tags: |
Pas de tags, Soyez le premier à ajouter un tag!
|
MARC
| LEADER | 00000ntm a22000003a 4500 | ||
|---|---|---|---|
| 001 | stuzp90928 | ||
| 003 | SK-STU | ||
| 005 | 20220611214127.1 | ||
| 007 | ta | ||
| 008 | 150427s2015----xo-----f-mn---000-0-slo-d | ||
| 040 | |a STU |b slo | ||
| 041 | 0 | |a slo | |
| 100 | 1 | |a Kijovský, Ján |u 020070 |k Z4 |4 aut |U SjF Strojnícka fakulta |T SjF Ústav výrobných systémov, enviromentálnej techniky a manažment kvality |X 93023 |U J0070 |Y 804 |7 93023 | |
| 242 | 0 | 1 | |a Engineering design of a positioning device for the machining process |y eng |
| 245 | 1 | 0 | |a Konštrukčný návrh polohovacieho zariadenia pre proces obrábania |
| 260 | |c 2022 | ||
| 650 | 4 | |a výklopný stôl |2 slo | |
| 650 | 4 | |a polohovacie zariadenie |2 slo | |
| 650 | 4 | |a robotické obrábanie |2 slo | |
| 650 | 4 | |a positioning device |2 eng | |
| 650 | 4 | |a robotic machining |2 eng | |
| 650 | 4 | |a tilting rotary table |2 eng | |
| 700 | 1 | |a Križan, Peter |u 020070 |k Z1 |4 ths |U SjF Strojnícka fakulta |T SjF Ústav výrobných systémov, enviromentálnej techniky a manažment kvality |X 38318 |U J0070 |Y 804 |7 A000038318 | |
| 856 | 4 | |u http://is.stuba.sk/zp/portal_zp.pl?podrobnosti=165597 | |
| 996 | |b 284J046974 |c J* 3474/DDP |l JJSK |s A |a 24 |w stuzp90928_0001 | ||